La calidad de vida (Registro nro. 1253)

Detalles MARC
000 -LEADER
fixed length control field 01395 a2200241 4500
001 - CONTROL NUMBER
control field 24976
005 - DATE AND TIME OF LATEST TRANSACTION
control field 20260407155532.0
008 - FIXED-LENGTH DATA ELEMENTS--GENERAL INFORMATION
fixed length control field 260407a1996 arg spa d
003 - CONTROL NUMBER IDENTIFIER
control field AR-UNSa-BCEJYS
040 ## - CATALOGING SOURCE
Original cataloging agency AR-UNSa-BCEJYS
Language of cataloging spa
Transcribing agency AR-UNSa-BCEJYS
080 ## - UNIVERSAL DECIMAL CLASSIFICATION NUMBER
Universal Decimal Classification number 316.728
Common auxiliary subdivision Estilo de vida. Sociología de la vida cotidiana
020 ## - INTERNATIONAL STANDARD BOOK NUMBER
International Standard Book Number 978-968-16-4898-5
100 1# - MAIN ENTRY--PERSONAL NAME
Personal name Nussbaum, Martha C.
245 10 - TITLE STATEMENT
Title La calidad de vida
264 #1 - PRODUCTION, PUBLICATION, DISTRIBUTION, MANUFACTURE, AND COPYRIGHT NOTICE
Place of production, publication, distribution, manufacture México :
Name of producer, publisher, distributor, manufacturer Fondo de Cultura Económica
Date of production, publication, distribution, manufacture, or copyright notice 1996
300 ## - PHYSICAL DESCRIPTION
Extent 588 p.
Dimensions 23 cm.
505 ## - FORMATTED CONTENTS NOTE
Formatted contents note 1. ¿Igualdad de qué? Sobre el bienestar, los bienes y las capacidades - 2. Capacidad y bienestar - 3.Descripciones de la desigualdad: el enfoque sueco de la investigación sobre el bienestar - 4. Tener, amar, ser: una alternativa al modelo sueco de investigación sobre el bienestar - 5. Medidas de calidad de vida en el cuidado de la salud y la ética médica - 6. La objetividad y la distinción ciencia-ética - 7. Objetividad y significado social - 8. El valor, el deseo y la calidad de vida - 9. La explicación y la razón práctica - 10. Virtudes no relativas: un enfoque aristotélico
590 ## - LOCAL NOTE (RLIN)
Local note niveau_biblio:m niveau_hierar:0
700 1# - ADDED ENTRY--PERSONAL NAME
Personal name Sen, Amartya
700 1# - ADDED ENTRY--PERSONAL NAME
Personal name Reyes Mazzoni, Roberto
856 41 - ELECTRONIC LOCATION AND ACCESS
Uniform Resource Identifier <a href="https://biblioeco.unsa.edu.ar/pmb/images/libros/La calidad de vida Nussbaum, Martha C. (1996).jpg">https://biblioeco.unsa.edu.ar/pmb/images/libros/La calidad de vida Nussbaum, Martha C. (1996).jpg</a>
Link text Imagen de portada
Electronic format type image/jpeg
942 ## - ADDED ENTRY ELEMENTS (KOHA)
Koha item type
Existencias
Withdrawn status Lost status Damaged status Not for loan Home library Current library Shelving location Date acquired Total checkouts Full call number Barcode Date last seen Price effective from Koha item type
        Biblioteca Prof. Eusebio Cleto del Rey Biblioteca Prof. Eusebio Cleto del Rey   07/04/2026   316.728 N975 L87485 07/04/2026 07/04/2026 Libro